| 000 | 00923cam a2200217 4500 | ||
|---|---|---|---|
| 001 | L136566 | ||
| 008 | 070207n2006 000 0 eng u | ||
| 020 | _a9781860819469 | ||
| 035 | _a(Sirsi) u136566 | ||
| 041 | 0 | _aeng | |
| 050 | 0 | 4 | _a695 $2 18 |
| 110 | 2 | _aBuilding Research Establishment | |
| 245 |
_aLoft conversion _bsafety, insulation and services |
||
| 260 |
_aWatford _bIHS BRE _c2006 |
||
| 300 |
_a6p. _c30cm. |
||
| 490 | 0 |
_aBRE Good Building Guide _vGBG 69 Part 2 |
|
| 520 | _aProvides advice on loft conversions in single occupancy houses not more than two storeys high, with no more than two habitable rooms, and a maximum floor area of 50m2. Part two of this guide looks at safety requirements, insulation and ventilation, and installation of services. (See also L136564). | ||
| 651 | 4 |
_aUnited Kingdom _y |
|
| 690 | _aBUILT ENVIRONMENT-BUILDING ELEMENTS-COMPLETE BUILDING ELEMENTS-ROOFS | ||
| 942 | _n0 | ||
| 999 |
_c106435 _d106435 |
||